Équipe de France à la Coupe du Monde 1998 par images - Statistiques

Statistiques générales
  • Ce quiz a été pris 65 fois
  • Le résultat moyen est 18 sur 23
Statistiques - réponses
Par images Hint Réponse % Correct
Didier Deschamps
100%
Zinedine Zidane
100%
Thierry Henry
98%
Emmanuel Petit
96%
Fabien Barthez
96%
Bixente Lizarazu
95%
Laurent Blanc
95%
Lilian Thuram
95%
Patrick Vieira
93%
Frank Lebœuf
91%
David Trezeguet
89%
Marcel Desailly
85%
Christian Karembeu
82%
Robert Pirès
78%
Youri Djorkaeff
75%
Sélectionneur Aimé Jacquet
73%
Christophe Dugarry
67%
Bernard Lama
60%
Stephane Guivarc'h
53%
Alain Boghossian
38%
Bernard Diomède
38%
Vincent Candela
36%
Lionel Charbonnier
35%
Aucun quiz correspondant
Distribution des résultats
% des personnes avec chaque résultat
Percentile par nombre de réponses
Votre historique - résultats
Vous n’avez pas pris ce quiz